[Event "BWL2024/25 Walldorf-Untergrombach"]
[Site "?"]
[Date "2024.10.06"]
[Round "1.1"]
[White "Dauner, Benedikt"]
[Black "Gschnitzer, Adrian"]
[Result "1/2-1/2"]
[WhiteElo "2326"]
[BlackElo "2449"]
[PlyCount "44"]
[EventDate "2024.10.06"]

1. d4 d5 2. Nf3 e6 3. Bf4 c5 4. e3 Nf6 5. Nbd2 Bd6 6. dxc5 Bxc5 7. Bd3 O-O 8.
O-O Nc6 9. c4 Bd6 10. Bxd6 Qxd6 11. cxd5 Qxd5 12. Bc4 Qh5 13. Rc1 Rd8 14. Qa4
Bd7 15. Rfd1 Ne5 16. Qa3 Bc6 17. Nxe5 Qxe5 18. Be2 a6 19. Bf3 Bxf3 20. Nxf3 Qc7
21. h3 Rxd1+ 22. Rxd1 Rd8 1/2-1/2

[Event "BWL2024/25 Walldorf-Untergrombach"]
[Site "?"]
[Date "2024.10.06"]
[Round "1.2"]
[White "Riehle, Marco"]
[Black "Nied, Pascal"]
[Result "1-0"]
[WhiteElo "2380"]
[BlackElo "2165"]
[PlyCount "49"]
[EventDate "2024.10.06"]

1. e4 e5 2. Nf3 Nc6 3. Bc4 Bc5 4. c3 Nf6 5. d4 exd4 6. cxd4 Bb4+ 7. Nbd2 Nxe4
8. d5 Bxd2+ 9. Bxd2 Nxd2 10. Qxd2 Ne7 11. O-O-O d6 12. h4 O-O 13. h5 h6 14.
Rdg1 Bg4 15. Nh4 Bxh5 16. g4 Bg6 17. Nf5 Nc8 18. Qd4 f6 19. Bd3 Kf7 20. Nxh6+
gxh6 21. Bxg6+ Kg7 22. g5 Qe7 23. gxf6+ Rxf6 24. Bf5+ Kf8 25. Be6 1-0

[Event "BWL2024/25 Walldorf-Untergrombach"]
[Site "?"]
[Date "2024.10.06"]
[Round "1.3"]
[White "Raupp, Thomas"]
[Black "Faerber, David"]
[Result "1/2-1/2"]
[WhiteElo "2245"]
[BlackElo "2403"]
[PlyCount "74"]
[EventDate "2024.10.06"]

1. d4 Nf6 2. c4 g6 3. Nc3 Bg7 4. e4 d6 5. Be2 O-O 6. Be3 e5 7. d5 Na6 8. g4 Nc5
9. f3 h5 10. g5 Nh7 11. h4 f6 12. Qd2 fxg5 13. hxg5 Rf4 14. b4 Na6 15. Rb1 Nxg5
16. c5 dxc5 17. bxc5 b6 18. d6 Nxc5 19. Bxc5 bxc5 20. Qd5+ Be6 21. dxc7 Qc8 22.
Qxa8 Qxa8 23. Rb8+ Rf8 24. Rxa8 Rxa8 25. Ba6 Bf8 26. Rh2 Bd6 27. Nb5 Nf7 28.
Rd2 Be7 29. Bb7 Rf8 30. Bd5 Bh4+ 31. Kd1 Bxd5 32. exd5 Rc8 33. d6 Nxd6 34. Rxd6
Kf7 35. Rd7+ Ke6 36. Rh7 Be7 37. Nxa7 Rxc7 1/2-1/2

[Event "BWL2024/25 Walldorf-Untergrombach"]
[Site "?"]
[Date "2024.10.06"]
[Round "1.4"]
[White "Straubinger, Daniel Dr."]
[Black "Doll, Alexander"]
[Result "1/2-1/2"]
[WhiteElo "2363"]
[BlackElo "2178"]
[PlyCount "104"]
[EventDate "2024.10.06"]

1. e4 e5 2. Nf3 Nc6 3. Bb5 a6 4. Ba4 Nf6 5. O-O Nxe4 6. d4 Be7 7. d5 Nc5 8.
Bxc6 dxc6 9. dxc6 Qxd1 10. Rxd1 f6 11. cxb7 Bxb7 12. Be3 Kf7 13. Nc3 Rhd8 14.
Nd2 Bc6 15. Nb3 Na4 16. Nxa4 Bxa4 17. Rdc1 Rd5 18. Kf1 Rad8 19. Ke1 Bc6 20. f3
g5 21. Rd1 {( = )} h5 22. Rxd5 Rxd5 23. c4 Rd8 24. Nc5 Bxc5 25. Bxc5 g4 26. Ke2
Rg8 27. Rg1 Ke6 28. b3 gxf3+ 29. gxf3 Rxg1 30. Bxg1 Kf5 31. Ba7 Kf4 32. Be3+
Kf5 33. b4 e4 34. fxe4+ Kxe4 35. Ba7 Bd7 36. Bb8 Be6 37. Bxc7 Bxc4+ 38. Kf2
Bxa2 39. Bd6 Bd5 40. Bf8 Bc6 41. Bc5 Kd3 42. Bf8 Kc4 43. Be7 Bd5 44. Bf8 Be6
45. Be7 Bd5 46. Bf8 Kb5 47. Ke3 Kc4 48. Be7 Be6 49. Bf8 Bf7 50. Be7 Bg6 51. Bf8
Kc3 52. Be7 Kc4 1/2-1/2

[Event "BWL2024/25 Walldorf-Untergrombach"]
[Site "?"]
[Date "2024.10.06"]
[Round "1.5"]
[White "Fuchs, Heinz"]
[Black "Gschnitzer, Oswald"]
[Result "1/2-1/2"]
[WhiteElo "2223"]
[BlackElo "2346"]
[PlyCount "41"]
[EventDate "2024.10.06"]

1. c4 c5 2. Nf3 Nc6 3. Nc3 Nf6 4. g3 g6 5. Bg2 Bg7 6. O-O O-O 7. d4 cxd4 8.
Nxd4 Qa5 9. Nb3 Qh5 10. h3 d6 11. e4 Qxd1 12. Rxd1 a5 13. Be3 a4 14. Nd4 Bd7
15. Rab1 Rfc8 16. b3 axb3 17. axb3 Nxd4 18. Bxd4 Ra3 19. e5 dxe5 20. Bxe5 Bc6
21. Bxf6 1/2-1/2

[Event "BWL2024/25 Walldorf-Untergrombach"]
[Site "?"]
[Date "2024.10.06"]
[Round "1.6"]
[White "Vonthron, Horst"]
[Black "Podat, Vladimir"]
[Result "1/2-1/2"]
[WhiteElo "2333"]
[BlackElo "2234"]
[PlyCount "147"]
[EventDate "2024.10.06"]

1. e4 c5 2. Nf3 Nc6 3. Bb5 g6 4. O-O Bg7 5. Bxc6 dxc6 6. h3 e5 7. d3 Qe7 8.
Nbd2 Nf6 9. Nc4 Nd7 10. a4 Nf8 11. a5 Qc7 12. Be3 Ne6 13. c3 O-O 14. Qa4 Rb8
15. b4 b5 16. axb6 axb6 17. Qa7 Rb7 18. Qa3 cxb4 19. cxb4 Nd4 20. Nxd4 exd4 21.
Bd2 Be6 22. Qc1 Ra7 23. Bf4 Qb7 24. Nd6 Qa8 25. Qb2 Rd8 26. e5 c5 27. bxc5 bxc5
28. Rxa7 Qxa7 29. Ra1 Qc7 30. Rc1 Rb8 31. Qa3 Rb3 32. Qa8+ Rb8 33. Qa4 h6 34.
Bg3 Qb6 35. Ne4 Qb2 36. Qd1 c4 37. dxc4 d3 38. Nd2 Rd8 39. Qe1 Bf8 40. c5 Rd5
41. c6 g5 42. c7 Rc5 43. Rd1 Rxc7 44. Ne4 Bb4 45. Nf6+ Kf8 46. Rxd3 Ke7 47.
Ng8+ Ke8 48. Qd1 Be7 49. Nf6+ Bxf6 50. exf6 Rc8 51. Qf3 Kf8 52. Kh2 Kg8 53. Re3
Qd4 54. Be5 Qa4 55. Bd6 Qc4 56. Qg3 Qd4 57. Be5 Qd1 58. Bc3 Kh7 59. f4 Rg8 60.
Rxe6 fxe6 61. fxg5 Qd7 62. h4 hxg5 63. hxg5 Kg6 64. Qh4 Qh7 65. g3 Rh8 66.
Qxh7+ Rxh7+ 67. Kg2 Kxg5 68. Kf3 Kg6 69. Ke4 Rh5 70. Bd4 Ra5 71. Kf4 Ra4 72.
Ke5 Kf7 73. Ke4 Ra5 74. Kf4 1/2-1/2

[Event "BWL2024/25 Walldorf-Untergrombach"]
[Site "?"]
[Date "2024.10.06"]
[Round "1.7"]
[White "Schneider, Bernd"]
[Black "Hauser, Carlos"]
[Result "0-1"]
[WhiteElo "2153"]
[BlackElo "2213"]
[PlyCount "84"]
[EventDate "2024.10.06"]

1. e4 c5 2. Nf3 Nc6 3. c4 e5 4. Be2 g6 5. d3 Bg7 6. Nc3 Nge7 7. O-O O-O 8. Nd5
d6 9. Bd2 f5 10. a3 f4 11. b4 h6 12. b5 Nb8 13. Bc3 Nd7 14. a4 Nxd5 15. cxd5 g5
16. Nd2 Nf6 17. f3 h5 18. Nc4 g4 19. Be1 Qd7 20. Bh4 Ne8 21. Ra2 Bf6 22. Qe1
Qg7 23. Kh1 Kh7 24. Bd1 g3 25. hxg3 Bxh4 26. gxh4 Rg8 27. g3 fxg3 28. Kg2 Qf6
29. Rh1 Bd7 30. Qe3 Nc7 31. Ra1 Raf8 32. Bb3 Qe7 33. Rag1 Rf4 34. Bd1 Ne8 35.
Nd2 Nf6 36. Nf1 Rg6 37. Qe1 Qg7 38. Qa5 Ng4 39. Qxa7 Nf2 40. Be2 Bh3+ 41. Rxh3
Nxh3 42. Kxh3 g2 0-1

[Event "BWL2024/25 Walldorf-Untergrombach"]
[Site "?"]
[Date "2024.10.06"]
[Round "1.8"]
[White "Schlegel, Igor"]
[Black "Uyar, Levin"]
[Result "1/2-1/2"]
[WhiteElo "2242"]
[BlackElo "1945"]
[PlyCount "90"]
[EventDate "2024.10.06"]

1. e4 e5 2. Nf3 Nc6 3. Bc4 Nf6 4. d3 Bc5 5. O-O d6 6. c3 a6 7. a4 Ba7 8. Re1
O-O 9. h3 h6 10. Nbd2 Be6 11. Bxe6 fxe6 12. b4 Nh5 13. Ra2 Qf6 14. Nf1 Ne7 15.
d4 Ng6 16. N1h2 Nhf4 17. g3 Nxh3+ 18. Kg2 Ng5 19. Bxg5 hxg5 20. Ng4 Qe7 21.
dxe5 Nxe5 22. Nfxe5 dxe5 23. Rd2 Rad8 24. Rxd8 Rxd8 25. Qb3 Rd2 26. Rd1 Rxd1
27. Qxd1 Qd6 28. Qf3 c5 29. Qe3 Qc7 30. Qxg5 cxb4 31. Qg6 Qe7 32. cxb4 Bd4 33.
b5 axb5 34. axb5 b6 35. Qh5 Qf8 36. f3 Qf7 37. Qg5 Qc7 38. Qg6 Qe7 39. Kh3 Kf8
40. Qh5 Qf7 41. Qh8+ Ke7 42. Kg2 Kd6 43. Qb8+ Qc7 44. Qf8+ Qe7 45. Qb8+ Qc7
1/2-1/2

[Event "BWL2024/25 Karlsruhe-Ettlingen"]
[Site "?"]
[Date "2024.10.06"]
[Round "1.1"]
[White "Rosner, Jonas"]
[Black "Ruff, Maximilian"]
[Result "1/2-1/2"]
[WhiteElo "2434"]
[BlackElo "2227"]
[PlyCount "60"]
[EventDate "2024.10.06"]

1. Nf3 c5 2. c4 Nc6 3. e3 e5 4. Nc3 Nf6 5. d4 e4 6. d5 exf3 7. dxc6 dxc6 8.
Qxd8+ Kxd8 9. gxf3 g6 10. b3 Bg7 11. Bb2 Ke7 12. O-O-O Bf5 13. Be2 Rhd8 14. h4
b6 15. Rxd8 Rxd8 16. Nd1 Bd3 17. Bxd3 Rxd3 18. h5 Ne8 19. hxg6 hxg6 20. f4
Bxb2+ 21. Nxb2 Rd8 22. Kc2 Nf6 23. f3 Nh5 24. Nd3 Ng3 25. Rh7 Nf1 26. e4 Ne3+
27. Kd2 Nd1 28. Kc2 Ne3+ 29. Kd2 Nd1 30. Kc2 Ne3+ 1/2-1/2

[Event "BWL2024/25 Karlsruhe-Ettlingen"]
[Site "?"]
[Date "2024.10.06"]
[Round "1.2"]
[White "Pfatteicher, Lukas"]
[Black "Arnold, Max"]
[Result "1/2-1/2"]
[WhiteElo "2237"]
[BlackElo "2255"]
[PlyCount "62"]
[EventDate "2024.10.06"]

1. Nf3 Nf6 2. c4 c5 3. b3 g6 4. Bb2 Bg7 5. g3 O-O 6. Bg2 d5 7. cxd5 Nxd5 8.
Bxg7 Kxg7 9. O-O Nc6 10. d4 cxd4 11. Nxd4 Ndb4 12. Nxc6 Nxc6 13. Nc3 Qa5 14.
Qc1 Rd8 15. Ne4 f6 16. Qc3 Qxc3 17. Nxc3 Bd7 18. Rfd1 Be8 19. Nd5 Bf7 20. Ne3
Be8 21. a3 Rxd1+ 22. Rxd1 Rd8 23. Rxd8 Nxd8 24. b4 b6 25. Nd5 Kf7 26. Kf1 Bc6
27. e3 Ke6 28. Nc3 Kd6 29. Bxc6 Kxc6 30. Ke2 a5 31. Na4 axb4 1/2-1/2

[Event "BWL2024/25 Karlsruhe-Ettlingen"]
[Site "?"]
[Date "2024.10.06"]
[Round "1.3"]
[White "Vyval, Volodymyr"]
[Black "Fidlin, Simon"]
[Result "1/2-1/2"]
[WhiteElo "2277"]
[BlackElo "2111"]
[PlyCount "89"]
[EventDate "2024.10.06"]

1. e4 c5 2. b3 g6 3. Bb2 Nf6 4. e5 Nd5 5. Nc3 Nxc3 6. Bxc3 Bg7 7. h4 d5 8. exd6
O-O 9. dxe7 Re8 10. Qf3 Rxe7+ 11. Be2 Bxc3 12. Qxc3 Nc6 13. O-O-O Bf5 14. Kb2
Nb4 15. Rc1 Nd5 16. Qxc5 Rc8 17. Qa3 a5 18. g4 Nb4 19. gxf5 Qxd2 20. Bc4 Re1
21. Ne2 Rxh1 22. Rxh1 Rxc4 23. bxc4 Qxc2+ 24. Ka1 Qxe2 25. Qb2 Qe4 26. f3 Nc2+
27. Kb1 Na3+ 28. Kc1 Qxc4+ 29. Kd2 Qf4+ 30. Ke2 Nc4 31. Qc3 b5 32. fxg6 hxg6
33. h5 Qg3 34. Re1 gxh5 35. Kd1 Qd6+ 36. Kc2 Qg6+ 37. Kc1 Qh6+ 38. f4 Qxf4+ 39.
Kb1 Qf5+ 40. Ka1 Kh7 41. a4 Qc5 42. axb5 Qxb5 43. Qc2+ Kh6 44. Qc1+ Kh7 45.
Qc2+ 1/2-1/2

[Event "BWL2024/25 Karlsruhe-Ettlingen"]
[Site "?"]
[Date "2024.10.06"]
[Round "1.4"]
[White "Roos, Daniel"]
[Black "Juelg, Gabriel"]
[Result "0-1"]
[WhiteElo "2320"]
[BlackElo "2174"]
[PlyCount "48"]
[EventDate "2024.10.06"]

1. Nf3 Nf6 2. g3 g6 3. Bg2 Bg7 4. O-O c5 5. c4 O-O 6. Nc3 d6 7. d4 Nc6 8. dxc5
dxc5 9. Be3 Be6 10. Qa4 Nd4 11. Bxd4 cxd4 12. Nb5 d3 13. exd3 Qxd3 14. Ne5 Qf5
15. Rae1 Ng4 16. Nxg4 Qxg4 17. Re4 Qf5 18. Nd4 Bxd4 19. Rxd4 Rfd8 20. Rxd8+
Rxd8 21. Bxb7 Rd2 22. Qb4 Qd3 23. b3 Bh3 24. Re1 Qd4 0-1

[Event "BWL2024/25 Karlsruhe-Ettlingen"]
[Site "?"]
[Date "2024.10.06"]
[Round "1.5"]
[White "Tschann, Stephan"]
[Black "Arnold, Lothar"]
[Result "1/2-1/2"]
[WhiteElo "2208"]
[BlackElo "2306"]
[PlyCount "43"]
[EventDate "2024.10.06"]

1. d4 e6 2. c4 f5 3. a3 Nf6 4. Nc3 b6 5. Nf3 Bb7 6. d5 Be7 7. Nd4 Qc8 8. Bf4
O-O 9. e3 c6 10. Rc1 Ne8 11. Be2 g5 12. Bxb8 Rxb8 13. e4 c5 14. Nf3 Ng7 15. O-O
g4 16. Ne1 Bg5 17. Rc2 a6 18. f4 gxf3 19. Nxf3 Be3+ 20. Kh1 Qe8 21. Qd3 Bh6 22.
e5 1/2-1/2

[Event "BWL2024/25 Karlsruhe-Ettlingen"]
[Site "?"]
[Date "2024.10.06"]
[Round "1.6"]
[White "Duschek, Volker"]
[Black "Wehner, Roland"]
[Result "1/2-1/2"]
[WhiteElo "2299"]
[BlackElo "2255"]
[PlyCount "61"]
[EventDate "2024.10.06"]

1. e4 d6 2. d4 g6 3. Nc3 a6 4. f4 b5 5. Nf3 Bb7 6. Bd3 Nd7 7. a4 b4 8. Ne2 c5
9. c3 bxc3 10. bxc3 Bg7 11. O-O cxd4 12. cxd4 Ngf6 13. e5 Nd5 14. a5 O-O 15.
Bd2 Rb8 16. Qe1 Re8 17. Ng3 Nf8 18. Ne4 Ne6 19. Qh4 h6 20. f5 g5 21. Bxg5 hxg5
22. Nfxg5 Nxg5 23. Nxg5 Nf6 24. exf6 exf6 25. Ne4 Bxe4 26. Bxe4 d5 27. Bf3 Rb5
28. Rfe1 Rxe1+ 29. Qxe1 Bh6 30. Qg3+ Kf8 31. Bh5 1/2-1/2

[Event "BWL2024/25 Karlsruhe-Ettlingen"]
[Site "?"]
[Date "2024.10.06"]
[Round "1.7"]
[White "Friedel, Marcus"]
[Black "Joeres, Stefan"]
[Result "1/2-1/2"]
[WhiteElo "2161"]
[BlackElo "2245"]
[PlyCount "82"]
[EventDate "2024.10.06"]

1. Nf3 d5 2. c4 e6 3. g3 c6 4. Bg2 Nf6 5. O-O Be7 6. b3 O-O 7. Bb2 b5 8. d3 Qb6
9. Qc2 Nbd7 10. Nbd2 Rb8 11. Rab1 c5 12. e4 Bb7 13. e5 Ne8 14. cxb5 Qxb5 15.
Rfc1 Nc7 16. d4 Rfc8 17. Bf1 Qb6 18. Bd3 h6 19. Qd1 cxd4 20. Bxd4 Qa5 21. a3
Ba6 22. Bxa6 Qxa6 23. b4 Nb5 24. Bb2 Nb6 25. Nb3 Nc4 26. Nbd4 Nbxa3 27. Bxa3
Qxa3 28. b5 Rb7 29. Nd2 Bf8 30. Nc6 Qc5 31. Nxc4 dxc4 32. Qc2 Rxb5 33. Rxb5
Qxc6 34. Rcb1 Bc5 35. Rb8 Bb6 36. Rxc8+ Qxc8 37. Qe4 Qc5 38. Qa8+ Kh7 39. Qe4+
Kg8 40. Qa8+ Kh7 41. Qe4+ Kg8 1/2-1/2

[Event "BWL2024/25 Karlsruhe-Ettlingen"]
[Site "?"]
[Date "2024.10.06"]
[Round "1.8"]
[White "Pfrommer, Christoph"]
[Black "Werner, Clemens"]
[Result "1/2-1/2"]
[WhiteElo "2279"]
[BlackElo "2225"]
[PlyCount "22"]
[EventDate "2024.10.06"]

1. d4 d6 2. Nf3 Nf6 3. c4 g6 4. g3 Bg7 5. Bg2 O-O 6. Nc3 Nc6 7. O-O Bf5 8. Nh4
Bd7 9. b3 Qc8 10. Bb2 Bh3 11. Nf3 Qg4 1/2-1/2

[Event "BWL2024/25 Baden Baden III-Brombach"]
[Site "?"]
[Date "2024.10.06"]
[Round "1.1"]
[White "Georgiadis, Ioannis"]
[Black "Milov, Vadim"]
[Result "0-1"]
[WhiteElo "2484"]
[BlackElo "2604"]
[PlyCount "100"]
[EventDate "2024.10.06"]

1. d4 Nf6 2. c4 e6 3. Nf3 d5 4. g3 a6 5. Bg2 dxc4 6. Ne5 c5 7. dxc5 Qxd1+ 8.
Kxd1 Bxc5 9. Nd2 Nbd7 10. Nexc4 Nd5 11. Ne4 b5 12. Nxc5 Nxc5 13. Na5 O-O 14.
Bd2 f5 15. Bxd5 exd5 16. Bb4 Ne4 17. Bxf8 Nxf2+ 18. Kd2 Kxf8 19. Rhc1 Ne4+ 20.
Ke1 Bd7 21. Rc7 Ke7 22. Rac1 h5 23. Nc6+ Kd6 24. Ne5 Kxe5 25. Rxd7 h4 26. Rxg7
hxg3 27. hxg3 Rh8 28. Kd1 Kd4 29. Ra7 Rh6 30. Rcc7 Rh1+ 31. Kc2 Re1 32. Rxa6
Rxe2+ 33. Kc1 Nc5 34. Rac6 Nd3+ 35. Kd1 Rg2 36. Rf7 Ne5 37. Rcf6 Nxf7 38. Rxf7
Ke4 39. Kc1 d4 40. Rb7 Kd3 41. b3 Rxg3 42. Rxb5 f4 43. Rf5 f3 44. Rf8 Rg1+ 45.
Kb2 Rg2+ 46. Ka3 f2 47. b4 Ke4 48. Ka4 d3 49. Kb3 d2 50. Kc2 Rg1 0-1

[Event "BWL2024/25 Baden Baden III-Brombach"]
[Site "?"]
[Date "2024.10.06"]
[Round "1.2"]
[White "Schlosser, Philipp"]
[Black "Brunner, Nicolas"]
[Result "1/2-1/2"]
[WhiteElo "2494"]
[BlackElo "2427"]
[PlyCount "70"]
[EventDate "2024.10.06"]

1. c4 e6 2. Nc3 d5 3. d4 c6 4. e3 Nf6 5. b3 Bb4 6. Bb2 Ne4 7. Qc2 e5 8. a3
Bxc3+ 9. Bxc3 Nxc3 10. Qxc3 {( = )} dxc4 11. dxe5 cxb3 12. Bc4 O-O 13. Ne2 Qe7
14. Bxb3 Nd7 15. f4 Nc5 16. Bc2 f6 17. exf6 Rxf6 18. O-O Bf5 19. Bxf5 Rxf5 20.
Rad1 Ne4 21. Qb3+ Kh8 22. Ng3 Rb5 23. Qd3 Nxg3 24. hxg3 Rd5 25. Qb3 Re8 26.
Rxd5 cxd5 27. Qxd5 Qxe3+ 28. Kh2 Qxa3 29. Qxb7 Qe7 30. Qxe7 Rxe7 31. Ra1 Kg8
32. g4 Kf7 33. g5 Ke6 34. g4 g6 35. Kg3 Rb7 1/2-1/2

[Event "BWL2024/25 Baden Baden III-Brombach"]
[Site "?"]
[Date "2024.10.06"]
[Round "1.3"]
[White "Jaeggi, Dorian"]
[Black "Breder, Dennis"]
[Result "1/2-1/2"]
[WhiteElo "2313"]
[BlackElo "2404"]
[PlyCount "46"]
[EventDate "2024.10.06"]

1. d4 d5 2. c4 e6 3. Nf3 Nf6 4. Nc3 c5 5. cxd5 Nxd5 6. e4 Nxc3 7. bxc3 cxd4 8.
cxd4 Bb4+ 9. Bd2 Bxd2+ 10. Qxd2 O-O 11. Bc4 Nd7 12. O-O b6 13. Rad1 Bb7 14.
Rfe1 Nf6 15. d5 exd5 16. exd5 Qd6 17. Nd4 g6 18. Qg5 Rfe8 19. Nf5 Qb4 20. Rxe8+
Rxe8 21. Qxf6 Re1+ 22. Bf1 gxf5 23. Qg5+ Kh8 1/2-1/2

[Event "BWL2024/25 Baden Baden III-Brombach"]
[Site "?"]
[Date "2024.10.06"]
[Round "1.4"]
[White "Dobrosmyslov, Artem"]
[Black "Collin, Moritz Valentin"]
[Result "0-1"]
[WhiteElo "2308"]
[BlackElo "2179"]
[PlyCount "94"]
[EventDate "2024.10.06"]

1. d4 Nf6 2. c4 e6 3. Nc3 Bb4 4. e3 O-O 5. a3 Bxc3+ 6. bxc3 c5 7. Ne2 b6 8. Ng3
Nc6 9. e4 Ne8 10. Be3 d6 11. Bd3 Na5 12. O-O Qd7 13. f4 f5 14. Qc2 g6 15. Rad1
Ba6 16. dxc5 bxc5 17. exf5 exf5 18. Bxc5 dxc5 19. Bxf5 Qg7 20. Be6+ Kh8 21. Rd7
Qf6 22. Bd5 Rd8 23. Ne4 Qb6 24. Rxh7+ Kxh7 25. Ng5+ Kh6 26. Ne6 Rxd5 27. cxd5
Bxf1 28. Nxf8 Bd3 29. Qc1 c4+ 30. Kh1 Qb1 31. Qxb1 Bxb1 32. Nd7 Be4 33. Kg1
Bxd5 34. Kf2 Nd6 35. g4 Nc6 36. Ke3 Nb5 37. Nf6 Bh1 38. Kd2 Kg7 39. g5 Nxa3 40.
h4 Nb5 41. h5 gxh5 42. f5 Nd6 43. Nxh5+ Kf8 44. Ke3 Nxf5+ 45. Kf4 Nfe7 46. Ng3
Bd5 47. Nf1 Be6 0-1

[Event "BWL2024/25 Baden Baden III-Brombach"]
[Site "?"]
[Date "2024.10.06"]
[Round "1.5"]
[White "Wirthensohn, Heinz"]
[Black "Semling, Julius"]
[Result "1/2-1/2"]
[WhiteElo "2270"]
[BlackElo "2233"]
[PlyCount "71"]
[EventDate "2024.10.06"]

1. Nf3 d5 2. e3 Nf6 3. c4 e6 4. b3 Be7 5. Bb2 O-O 6. g3 dxc4 7. bxc4 b6 8. Bg2
Bb7 9. O-O c5 10. Nc3 Nc6 11. Qe2 a6 12. Ne1 Qc7 13. f4 Rad8 14. g4 Nb4 15. g5
Bxg2 16. Qxg2 Ne8 17. a3 Nd3 18. Nxd3 Rxd3 19. Qe2 Rd8 20. Rad1 Nd6 21. d3 b5
22. Rf3 f6 23. gxf6 Bxf6 24. Rh3 bxc4 25. dxc4 Qb7 26. Qc2 Nf5 27. Rb1 Qc6 28.
Ne4 Bxb2 29. Rxb2 Rd7 30. Nf2 Rf6 31. Rb8+ Kf7 32. Ne4 Rg6+ 33. Kf2 h6 34. Rf3
Qc7 35. Qb2 Qc6 36. Qc2 1/2-1/2

[Event "BWL2024/25 Baden Baden III-Brombach"]
[Site "?"]
[Date "2024.10.06"]
[Round "1.6"]
[White "Mohebbi, Jafar"]
[Black "Hecht, Jonas Christian"]
[Result "1/2-1/2"]
[WhiteElo "2198"]
[BlackElo "2127"]
[PlyCount "99"]
[EventDate "2024.10.06"]

1. d4 d5 2. Nf3 Nf6 3. g3 e6 4. Bg2 Be7 5. O-O O-O 6. c4 c6 7. Nc3 Nbd7 8. cxd5
cxd5 9. Bf4 Nh5 10. Bd2 a6 11. e4 dxe4 12. Nxe4 Nhf6 13. Nc3 Nb6 14. Qb3 Nbd5
15. Ne5 h6 16. Rac1 Re8 17. Rfd1 Bf8 18. a4 Qb6 19. Qxb6 Nxb6 20. a5 Nbd5 21.
Na4 Nd7 22. Rxc8 Raxc8 23. Nxd7 Rc4 24. Nc3 Rxd4 25. Nxd5 exd5 26. Bf3 Bd6 27.
Kg2 Rd8 28. Nb6 Bc7 29. Kf1 g5 30. Ke2 Rd6 31. Be3 Rxd1 32. Kxd1 d4 33. Bc1
Bxb6 34. axb6 Rxb6 35. Kc2 Rf6 36. Bxb7 Rxf2+ 37. Kd3 Rxh2 38. Bxa6 Rh3 39. b4
Rxg3+ 40. Kxd4 h5 41. Bc4 h4 42. b5 Rg4+ 43. Kc5 Rxc4+ 44. Kxc4 h3 45. b6 h2
46. b7 h1=Q 47. b8=Q+ Kh7 48. Qb1+ Kg8 49. Qb8+ Kh7 50. Bb2 1/2-1/2

[Event "BWL2024/25 Baden Baden III-Brombach"]
[Site "?"]
[Date "2024.10.06"]
[Round "1.8"]
[White "Savignon Schmidt, Maxime"]
[Black "Weiss, David"]
[Result "1-0"]
[WhiteElo "2002"]
[BlackElo "1843"]
[PlyCount "165"]
[EventDate "2024.10.06"]

1. Nf3 Nf6 2. d4 g6 3. Bg5 Bg7 4. e3 c5 5. c3 cxd4 6. cxd4 Ne4 7. Bf4 d6 8.
Nbd2 Nxd2 9. Qxd2 O-O 10. Be2 Nc6 11. O-O e5 12. Bg3 Qb6 13. Rfd1 h6 14. b4
Qxb4 15. Qxb4 Nxb4 16. dxe5 dxe5 17. Bxe5 Bxe5 18. Nxe5 Be6 19. Bf3 Nxa2 20.
Bxb7 Rad8 21. Nc6 Rxd1+ 22. Rxd1 Nc3 23. Ra1 Nb5 24. Nxa7 Nxa7 25. Rxa7 Kg7 26.
h3 Rd8 27. Bf3 Rd2 28. g4 Rb2 29. Kg2 Rd2 30. Kg3 Rb2 31. Ra5 Rd2 32. h4 Rb2
33. Ra1 Rb4 34. Rd1 Rb2 35. Bd5 Kf6 36. Bxe6 Kxe6 37. Ra1 Rb3 38. Ra6+ Ke7 39.
h5 gxh5 40. gxh5 f6 41. Ra7+ Kf8 42. Rh7 Rb5 43. Rxh6 Rg5+ 44. Kf4 Kf7 45. f3
Re5 46. e4 Rg5 47. Ke3 Ra5 48. Kf2 Kg7 49. Rg6+ Kf7 50. Rg1 Rxh5 51. Ke3 Ra5
52. Rb1 Ra3+ 53. Kf4 Ra5 54. Rd1 Ke6 55. Rd8 Ke7 56. Rd5 Ra3 57. Rb5 Kf7 58.
Kg4 Ke6 59. Rb6+ Kf7 60. f4 Ra7 61. Rb5 Ke6 62. Rb6+ Kf7 63. Rd6 Ke7 64. Rc6
Kf7 65. Kf5 Ra5+ 66. e5 fxe5 67. fxe5 Ke7 68. Rc7+ Kd8 69. Rh7 Ra1 70. Kf6 Ke8
71. Rh8+ Kd7 72. e6+ Kc7 73. Rh2 Rf1+ 74. Ke7 Kc6 75. Rd2 Rh1 76. Kf8 Rf1+ 77.
Ke8 Rh1 78. e7 Rh8+ 79. Kf7 Rh7+ 80. Kf8 Rh8+ 81. Kg7 Ra8 82. Rd8 Ra7 83. Kf8
1-0

[Event "BWL2024/25 Schw.Hall-Heilbronn"]
[Site "?"]
[Date "2024.10.06"]
[Round "1.1"]
[White "Baenziger, Fabian"]
[Black "Travadon, Loic"]
[Result "1/2-1/2"]
[WhiteElo "2434"]
[BlackElo "2415"]
[PlyCount "45"]
[EventDate "2024.10.06"]

1. d4 Nf6 2. c4 e6 3. Nf3 b6 4. g3 Bb7 5. Bg2 Be7 6. O-O O-O 7. Re1 d5 8. cxd5
exd5 9. Nc3 Nbd7 10. Bf4 c5 11. Rc1 Ne4 12. h4 Nxc3 13. bxc3 Re8 14. e3 c4 15.
a4 a6 16. Rb1 Bc6 17. e4 dxe4 18. Nd2 Nf6 19. Nxc4 Nd5 20. Bd2 Bf6 21. Ne3 Nxe3
22. Bxe3 b5 23. Bf1 1/2-1/2

[Event "BWL2024/25 Schw.Hall-Heilbronn"]
[Site "?"]
[Date "2024.10.06"]
[Round "1.2"]
[White "Sarenac, Ivan"]
[Black "Fecker, Noah"]
[Result "0-1"]
[WhiteElo "2376"]
[BlackElo "2338"]
[PlyCount "94"]
[EventDate "2024.10.06"]

1. e4 c6 2. Nf3 d5 3. exd5 cxd5 4. Ne5 Nc6 5. Bb5 Bd7 6. Nxd7 Qxd7 7. d4 e6 8.
c3 Nf6 9. Nd2 Bd6 10. O-O O-O 11. Re1 Qc7 12. g3 a6 13. Bd3 b5 14. Nf3 h6 15.
Qe2 Nd7 16. Bd2 Rfe8 17. a4 bxa4 18. Rxa4 a5 19. Ra2 Rab8 20. Bc2 Rb6 21. Ba4
Reb8 22. Be3 R6b7 23. Rea1 Qb6 24. c4 Qa6 25. Bb5 Qb6 26. Ba4 Qa6 27. b3 dxc4
28. bxc4 Rb1+ 29. Rxb1 Rxb1+ 30. Kg2 Rb4 31. Bb5 Qb7 32. Qd3 Rxb5 33. cxb5 Nb4
34. Qa3 Nxa2 35. Qxd6 Qxb5 36. Bd2 Nb4 37. Qe7 Qd5 38. Bf4 Nc6 39. Qd6 a4 40.
Qxd5 exd5 41. Bd6 Nb6 42. Bc5 Nc4 43. Ne1 a3 44. Nc2 a2 45. Kf1 Nd2+ 46. Ke2
Nb3 47. Kd3 Nxc5+ 0-1

[Event "BWL2024/25 Schw.Hall-Heilbronn"]
[Site "?"]
[Date "2024.10.06"]
[Round "1.3"]
[White "Stijve, Theo"]
[Black "Daulyte-Cornette, Deimante"]
[Result "1-0"]
[WhiteElo "2390"]
[BlackElo "2376"]
[PlyCount "117"]
[EventDate "2024.10.06"]

1. Nf3 Nf6 2. c4 c5 3. b3 e6 4. g3 Nc6 5. Bg2 d5 6. e3 d4 7. exd4 cxd4 8. O-O
Bd6 9. Ba3 O-O 10. c5 Bc7 11. b4 a6 12. d3 e5 13. Nbd2 Be6 14. Ng5 Bd5 15. Bh3
Ne8 16. Qh5 h6 17. Nge4 Ne7 18. f4 f5 19. Nd6 Nxd6 20. cxd6 Bxd6 21. fxe5 Bxe5
22. Bxf5 Rxf5 23. Rxf5 Nxf5 24. Qxf5 Qf6 25. Rf1 Bxa2 26. Qe4 Qe6 27. Re1 Re8
28. Nf3 Bb8 29. Qxd4 Qf7 30. Rxe8+ Qxe8 31. Bb2 Qf7 32. Ne5 Qd5 33. Nd7 Qxd4+
34. Bxd4 Bd6 35. Nc5 Bd5 36. Kf2 Kf7 37. Ke3 h5 38. Bc3 g5 39. Ne4 Be7 40. Kd4
Bc6 41. Bd2 g4 42. Ke5 Bf8 43. Kf5 Bb5 44. d4 Bc6 45. Nf6 Bd6 46. Nxh5 Bd7+ 47.
Ke4 Bc6+ 48. d5 Ba4 49. Bc3 Bc2+ 50. Ke3 Kg6 51. Nf4+ Bxf4+ 52. gxf4 Kf5 53.
Be5 Bb3 54. Kd4 b6 55. Bc7 a5 56. b5 a4 57. Bxb6 a3 58. Ba5 a2 59. Bc3 1-0

[Event "BWL2024/25 Schw.Hall-Heilbronn"]
[Site "?"]
[Date "2024.10.06"]
[Round "1.4"]
[White "Manoeuvre, Antoine"]
[Black "Zuferi, Enis"]
[Result "0-1"]
[WhiteElo "2285"]
[BlackElo "2387"]
[PlyCount "56"]
[EventDate "2024.10.06"]

1. d4 Nf6 2. c4 e6 3. Nc3 Bb4 4. Qc2 d5 5. cxd5 exd5 6. Bg5 h6 7. Bxf6 Qxf6 8.
a3 Bxc3+ 9. Qxc3 O-O 10. Nf3 Bf5 11. e3 Nd7 12. Rc1 c6 13. Bd3 Rfe8 14. O-O Re6
15. Rfe1 Be4 16. Nd2 Bxd3 17. Qxd3 Nb6 18. Red1 Rae8 19. Qb3 Qe7 20. Qd3 Rg6
21. Qf5 Nc8 22. Nf3 Nd6 23. Qc2 Nc4 24. a4 Qd7 25. h3 Re4 26. Kh1 Rf6 27. Kh2
Rxf3 28. b3 Nd6 0-1

[Event "BWL2024/25 Schw.Hall-Heilbronn"]
[Site "?"]
[Date "2024.10.06"]
[Round "1.5"]
[White "Wenninger, Philipp"]
[Black "Postoev-Birkenberg, Alexander"]
[Result "1-0"]
[WhiteElo "2336"]
[BlackElo "2283"]
[PlyCount "85"]
[EventDate "2024.10.06"]

1. d4 Nf6 2. c4 e6 3. g3 d5 4. Nf3 Be7 5. Bg2 O-O 6. O-O dxc4 7. Qa4 a6 8. Qxc4
b5 9. Qc2 Bb7 10. Bd2 Be4 11. Qc1 Nc6 12. Be3 Rc8 13. Rd1 Na5 14. b3 Nd5 15.
Nc3 Nxc3 16. Qxc3 b4 17. Qb2 Qd5 18. Rac1 Rfd8 19. Ne1 Bxg2 20. Nxg2 c5 21. Nf4
Qd6 22. dxc5 Qxd1+ 23. Rxd1 Rxd1+ 24. Kg2 Bf6 25. Qc2 Rd7 26. Nd3 Rb7 27. Bd2
Nc6 28. Qc4 a5 29. Qa6 Rbb8 30. Bf4 e5 31. Be3 Ra8 32. Qc4 Nd4 33. g4 h6 34. h4
Ne6 35. Qe4 Ra6 36. Qf5 Rac6 37. Kf1 Bxh4 38. Nxe5 R6c7 39. Nxf7 Nd8 40. Nd6
Rb8 41. Bf4 Nf7 42. Nxf7 Rxf7 43. Bxb8 1-0